| Поле | Инд. | ПП | Название | Значение |
|---|---|---|---|---|
| Тип записи | a | |||
| Библиографический уровень | b | |||
| 001 | Контрольный номер | RU/IS/BASE/264553964 | ||
| 005 | Дата корректировки | 20200610184300.0 | ||
| 008 | Кодируемые данные | 19970522 | ||
| 084 | a | Индекс другой классификации/Индекс ББК | 63.3(2)534-68ю1; 63.3(0)532,1; 63.3(4Фн)6ю1 | |
| 097 | 00 | a | 750 | |
| 100 | 10 | a | Автор | Лавернь Ж. |
| 245 | 11 | a | Заглавие | "Хватит ли у правительства воли?.." |
| b | Продолж. заглавия | Военный атташе Франции об июльских событиях 1917 г. в Петрограде | ||
| c | Ответственность | Публикация и предисловие П. Коши; Перевод З. С. Ельмеевой и Н. С. Прилипко | ||
| 504 | 00 | a | Библиография | Примеч.: с. 201 - 204 |
| 520 | 00 | a | Аннотация | Доклад военного атташе посольства Франции в России министру по делам вооружений А. Тома "О текущих событиях и моральном духе русской армии" (июль 1917 г.) |
| 650 | a | Основная рубрика | история | |
| 653 | 00 | a | Ключевые слова | армия |
| a | Ключевые слова | большевики | ||
| a | Ключевые слова | Временное правительство | ||
| a | Ключевые слова | Первая мировая война 1914-1918 | ||
| a | Ключевые слова | Россия | ||
| a | Ключевые слова | Санкт-Петербург | ||
| a | Ключевые слова | Финляндия | ||
| a | Ключевые слова | экономическое положение | ||
| 700 | 10 | a | Автор | Коши П. |
| e | Роль лиц | автор публикации; автор предисловия | ||
| 700 | 10 | a | Автор | Ельмеева З. С. |
| e | Роль лиц | переводчик | ||
| 700 | 10 | a | Автор | Прилипко Н. С. |
| e | Роль лиц | переводчик | ||
| 773 | 00 | t | Заглавие источника | Исторический архив |
| d | Дата издания источника | 1996 | ||
| g | Прочая информация | № 2. - С. 193 - 204 | ||
| w | Контрольный № источника | RU/IS/BASE/142005402 | ||
| 901 | t | Тип документа | b |